Noticias secretas de América sobre el estado naval, militar y político de los reynos del Perú y provincias de Quito, costas de Nueva Granada y Chile, gobierno y régimen particular de los pueblos de indios, cruel opresión y extorsiones de sus corregidores y curas... (Record no. 156472)

MARC details
000 -LEADER
campo de control de longitud fija 02134nam a2200349 i 4500
001 - NÚMERO DE CONTROL
campo de control 156472
003 - IDENTIFICADOR DE NÚMERO DE CONTROL
campo de control ES-MaACL
005 - FECHA Y HORA DE LA ÚLTIMA TRANSACCIÓN
campo de control 20250927111610.0
008 - DATOS DE LONGITUD FIJA--INFORMACIÓN GENERAL
campo de control de longitud fija 970911s1826 xxkaf |||| | spa d
100 1# - ENTRADA PRINCIPAL--NOMBRE DE PERSONA
Nombre de persona Juan, Jorge,
Fechas asociadas al nombre 1713-1773
9 (RLIN) 67092
245 10 - MENCIÓN DEL TÍTULO
Título Noticias secretas de América sobre el estado naval, militar y político de los reynos del Perú y provincias de Quito, costas de Nueva Granada y Chile, gobierno y régimen particular de los pueblos de indios, cruel opresión y extorsiones de sus corregidores y curas...
Resto del título : escritas fielmente según las instrucciones del Excelentísimo Señor Marqués de la Ensenada y presentadas en informe secreto a Don Fernando VI /
Mención de responsabilidad, etc. por Jorge Juan y Antonio de Ulloa ; sacadas a luz para el verdadero conocimiento del gobierno de los españoles en la América meridional por Don David Barry.
260 ## - PUBLICACIÓN, DISTRIBUCIÓN, ETC.
Lugar de publicación, distribución, etc. Londres :
Nombre del editor, distribuidor, etc. En la Imprenta de R. Taylor,
Fecha de publicación, distribución, etc. 1826.
300 ## - DESCRIPCIÓN FÍSICA
Extensión XIII, 707 p., [2] h. de lám. ;
Dimensiones 33 cm.
505 8# - NOTA DE CONTENIDO CON FORMATO
Nota de contenido con formato Contiene: Parte primera y segunda . Apéndice por Don Demetrio O'Higgins, p. 611
530 ## - NOTA DISPONIBLE DE FORMULARIO FÍSICO ADICIONAL
Nota de formato físico adicional disponible Disponible en formato digital.
597 ## - NOTA DE DESCRIPCIÓN FÍSICA
NOTA DE DESCRIPCIÓN FÍSICA Parte segunda con port. propia.
599 ## - NOTA A LAS ILUSTRACIONES
NOTA A LAS ILUSTRACIONES Lám.: grabados calcográfico: "J. Maea pinxt, Edwª Scriven sculpt", retratos de los autores.
650 #4 - PUNTO DE ACCESO ADICIONAL DE MATERIA--TÉRMINO DE MATERIA
Término de materia o nombre geográfico como elemento de entrada Indios de Perú-
Subdivisión general Trato recibido-
Subdivisión de forma Historia.
9 (RLIN) 156742
650 #4 - PUNTO DE ACCESO ADICIONAL DE MATERIA--TÉRMINO DE MATERIA
Término de materia o nombre geográfico como elemento de entrada Marina de guerra-
Subdivisión geográfica España-
Subdivisión cronológica S.XVIII.
9 (RLIN) 14787
651 #4 - PUNTO DE ACCESO ADICIONAL DE MATERIA--NOMBRE GEOGRÁFICO
Nombre geográfico Perú-
Subdivisión general Historia-
Subdivisión cronológica 1548-1820, Epoca colonial.
9 (RLIN) 9225
651 #4 - PUNTO DE ACCESO ADICIONAL DE MATERIA--NOMBRE GEOGRÁFICO
Nombre geográfico Chile-
Subdivisión general Historia-
Subdivisión cronológica 1560-1810, Época colonial.
9 (RLIN) 153615
651 #4 - PUNTO DE ACCESO ADICIONAL DE MATERIA--NOMBRE GEOGRÁFICO
Nombre geográfico Ecuador-
Subdivisión general Historia-
Subdivisión cronológica 1564-1809, Época colonial.
9 (RLIN) 156743
651 #4 - PUNTO DE ACCESO ADICIONAL DE MATERIA--NOMBRE GEOGRÁFICO
Nombre geográfico Colombia-
Subdivisión general Historia-
Subdivisión cronológica 1550-1810, Época colonial.
9 (RLIN) 138428
700 1# - ENTRADA AGREGADA--NOMBRE PERSONAL
Nombre de persona Ulloa, Antonio de,
Fechas asociadas al nombre 1716-1795
9 (RLIN) 156744
700 1# - ENTRADA AGREGADA--NOMBRE PERSONAL
Nombre de persona Barry, David.
9 (RLIN) 125839
700 1# - ENTRADA AGREGADA--NOMBRE PERSONAL
Nombre de persona O'Higgins, Demetrio,
Fechas asociadas al nombre 1720-1801
9 (RLIN) 173361
700 1# - ENTRADA AGREGADA--NOMBRE PERSONAL
Nombre de persona Maea, José (
Fechas asociadas al nombre 1760-1826)
9 (RLIN) 156745
700 1# - ENTRADA AGREGADA--NOMBRE PERSONAL
Nombre de persona Scriven, Edward (
Fechas asociadas al nombre 1775-1841)
9 (RLIN) 156746
852 ## - LOCALIZACIÓN
Ubicación ES-MaACL
Número de control de estantería R-2642
Nota libre - Enc. hol.
Encuadernación Olim: F-487
856 ## - LOCALIZACIÓN Y ACCESO ELECTRÓNICOS
Identificador Uniforme de Recursos <a href="http://bdh-rd.bne.es/viewer.vm?id=0000093768&page=1 ">http://bdh-rd.bne.es/viewer.vm?id=0000093768&page=1 </a>
Nota pública Biblioteca Digital Hispánica
Holdings
Estatus retirado Estado de pérdida Estado de daño No para préstamo Colección Biblioteca de origen Biblioteca actual Ubicación en estantería Fecha de adquisición Fuente de adquisición Total de préstamos Signatura topográfica completa Código de barras Visto por última vez Precio de reemplazo Tipo de ítem Koha
        Colección digital Biblioteca del Ateneo de Madrid Biblioteca del Ateneo de Madrid Depósito 17/01/2008     R-2642 1163704 23/02/2023 23/02/2023 Libro impreso antiguo